[Event "GER-chT10 LJ-01 Br02 email"]
[Site "GER email"]
[Date "2013.10.04"]
[Round "?"]
[White "Moll, Reinhard"]
[Black "Del Rio, Roland"]
[Result "1/2-1/2"]
[WhiteElo "2292"]
[BlackElo "2263"]
[PlyCount "79"]
[EventDate "2013.10.15"]
[EventType "tourn (corr)"]
[EventRounds "8"]
[EventCountry "GER"]
[SourceTitle "Corr 2015"]
[Source "ChessBase"]
[SourceDate "2015.07.17"]
[SourceVersion "1"]
[SourceVersionDate "2015.07.17"]
[SourceQuality "1"]

1. e4 e5 2. Nf3 Nc6 3. Bb5 a6 4. Ba4 Nf6 5. 0-0 Be7 6. Re1 b5 7. Bb3 0-0 8. c3 d5 9. exd5 Nxd5 10. Nxe5 Nxe5 11. Rxe5 c6 12. d4 Bd6 13. Re1 Qh4 14. g3 Qh3 15. Be3 Bg4 16. Qd3 Rae8 17. Nd2 Qh5 18. a4 Re6 19. axb5 axb5 20. Nf1 Bf5 21. Qd2 Bh3 22. Bd1 Qg6 23. Bc2 Qh5 24. Qd3 f5 25. Bd2 f4 26. Rxe6 Bxe6 27. Bd1 Qf7 28. Qf3 Qd7 29. Qe2 Re8 30. Qe4 Kh8 31. Bxf4 Nxf4 32. gxf4 Bd5 33. Qd3 Bxf4 34. Bf3 Bc4 35. Qd1 Rf8 36. Bg2 Bb8 37. Qd2 Bf4 38. Qc2 b4 39. cxb4 Bxf1 40. Kxf1 1/2-1/2

[Event "GER-chT LG-1 email"]
[Site "GER email"]
[Date "2007.10.25"]
[Round "?"]
[White "Del Rio, Roland"]
[Black "Buecker, Juergen"]
[Result "1/2-1/2"]
[WhiteElo "2000"]
[BlackElo "2487"]
[PlyCount "80"]
[EventDate "2007.??.??"]
[EventType "tourn (corr)"]
[EventRounds "8"]
[EventCountry "GER"]
[SourceTitle "Corr 2011"]
[Source "ChessBase"]
[SourceDate "2010.08.31"]
[SourceVersion "1"]
[SourceVersionDate "2010.08.31"]
[SourceQuality "1"]

1. e4 e5 2. Nf3 Nc6 3. Bb5 a6 4. Ba4 Nf6 5. 0-0 b5 6. Bb3 Bb7 7. c3 Nxe4 8. d4 exd4 9. Re1 d5 10. Ng5 Qd7 11. f3 h6 12. Nxf7 Qxf7 13. fxe4 0-0-0 14. Bxd5 Qf6 15. Rf1 Qg6 16. cxd4 Nb4 17. Bxb7+ Kxb7 18. a3 Bc5 19. axb4 Bxd4+ 20. Kh1 Bxb2 21. Bxb2 Rxd1 22. Rxd1 Qxe4 23. Nd2 Qxb4 24. Ba3 Qh4 25. Rdc1 Rd8 26. Nb3 Kc8 27. Nc5 Rd6 28. Bb2 Rc6 29. Rc2 Qb4 30. Ba3 Qg4 31. h3 Qf5 32. Re1 Kb8 33. Rec1 Ka8 34. Bb2 Qd5 35. Bxg7 h5 36. Bb2 a5 37. Rc3 a4 38. Ba3 Rg6 39. Rf3 Qd2 40. Rg1 Rxg2 1/2-1/2

[Event "GER-chT LG-1 email"]
[Site "GER email"]
[Date "2007.10.25"]
[Round "?"]
[White "Del Rio, Roland"]
[Black "Pentzien, Volker"]
[Result "1-0"]
[WhiteElo "2000"]
[BlackElo "2000"]
[PlyCount "141"]
[EventDate "2007.??.??"]
[EventType "tourn (corr)"]
[EventRounds "8"]
[EventCountry "GER"]
[SourceTitle "Corr 2011"]
[Source "ChessBase"]
[SourceDate "2010.08.31"]
[SourceVersion "1"]
[SourceVersionDate "2010.08.31"]
[SourceQuality "1"]

1. e4 e5 2. Nf3 Nc6 3. Bb5 a6 4. Ba4 Nf6 5. 0-0 Be7 6. Re1 b5 7. Bb3 0-0 8. c3 d6 9. h3 Bb7 10. d4 Re8 11. Nbd2 Bf8 12. a4 h6 13. Bc2 exd4 14. cxd4 Nb4 15. Bb1 c5 16. d5 Nd7 17. Ra3 f5 18. Nh2 Qe7 19. Rae3 f4 20. R3e2 c4 21. Ndf3 Qf7 22. b3 Ne5 23. Ba3 Nbd3 24. Nxe5 Nxe5 25. bxc4 bxc4 26. Rc2 f3 27. Re3 fxg2 28. Ng4 Rab8 29. Nxe5 Rxe5 30. Ba2 Be7 31. Bxc4 Bc8 32. Bb2 Bf6 33. Bb3 Bd7 34. Bxe5 Bxe5 35. Qf3 Bf4 36. Rc7 Rf8 37. Rec3 Qe8 38. Qxg2 Rf6 39. Kf1 Rg6 40. Qf3 Rf6 41. R3c4 Be5 42. Qg2 Rf7 43. Bd1 Qb8 44. Bh5 Rf8 45. Bg4 Qb3 46. Rc1 Bxg4 47. Qxg4 Qe3 48. R1c2 Qd3+ 49. Kg2 Rf4 50. Qe2 Qb3 51. Qd1 Kh7 52. Rd2 Qb8 53. Rc4 Qe8 54. Rd3 Qg6+ 55. Kf1 a5 56. Qe2 Qf7 57. Kg2 Rf6 58. Rf3 Qg6+ 59. Kf1 Qh5 60. Rxf6 Qxh3+ 61. Ke1 Bc3+ 62. Kd1 Bxf6 63. e5 Bxe5 64. Qe4+ Kg8 65. Ke2 Kf7 66. Qf3+ Qxf3+ 67. Kxf3 Bb2 68. Ke4 Ba3 69. Rc7+ Kf6 70. Rc8 Kg6 71. f4 1-0

[Event "GER-chT LG-1 Br03 email"]
[Site "GER email"]
[Date "2007.10.25"]
[Round "?.3"]
[White "Fuest, Martin"]
[Black "Del Rio, Roland"]
[Result "1/2-1/2"]
[WhiteElo "2327"]
[BlackElo "2265"]
[PlyCount "54"]
[EventDate "2007.??.??"]
[EventType "tourn (corr)"]
[EventRounds "7"]
[EventCountry "GER"]
[SourceTitle "Corr 2011"]
[Source "ChessBase"]
[SourceDate "2010.08.31"]
[SourceVersion "1"]
[SourceVersionDate "2010.08.31"]
[SourceQuality "1"]

1. d4 d5 2. c4 c6 3. Nf3 Nf6 4. Nc3 e6 5. e3 Nbd7 6. Bd3 dxc4 7. Bxc4 b5 8. Bd3 Bd6 9. 0-0 0-0 10. Bd2 Bb7 11. Rc1 Rc8 12. Ng5 Be7 13. Qf3 h6 14. Nge4 Nxe4 15. Nxe4 Ne5 16. dxe5 Qxd3 17. Bc3 b4 18. Bd4 c5 19. Nf6+ gxf6 20. Qxb7 Rfe8 21. exf6 Bd6 22. b3 Rc7 23. Qf3 cxd4 24. Rxc7 Bxc7 25. Qc6 Bxh2+ 26. Kxh2 Rd8 27. Qc7 dxe3 1/2-1/2

[Event "GER-chT LF-1 B4 email"]
[Site "GER email"]
[Date "2007.??.??"]
[Round "?"]
[White "Del Rio, Roland"]
[Black "Junge, Wolfgang"]
[Result "1-0"]
[WhiteElo "2266"]
[BlackElo "2198"]
[PlyCount "93"]
[EventDate "2007.??.??"]
[EventType "team (corr)"]
[EventRounds "9"]
[EventCountry "GER"]
[SourceTitle "Corr 2008"]
[Source "ChessBase"]
[SourceDate "2008.06.24"]
[SourceVersion "1"]
[SourceVersionDate "2008.06.24"]
[SourceQuality "1"]

1. e4 e5 2. Nf3 Nf6 3. Nxe5 d6 4. Nf3 Nxe4 5. Nc3 Nf6 6. d4 Be7 7. Bd3 0-0 8. h3 Re8 9. 0-0 c6 10. Re1 Nbd7 11. Ne2 d5 12. Ng3 Nf8 13. Ne5 Bd6 14. Bg5 h6 15. Bf4 Ne6 16. Be3 Qc7 17. Nf5 Ng5 18. Nxd6 Qxd6 19. c3 c5 20. Bxg5 hxg5 21. Qd2 cxd4 22. cxd4 g4 23. hxg4 Nxg4 24. Qg5 Nxe5 25. dxe5 Qe6 26. Rac1 Qg4 27. Qxg4 Bxg4 28. Rc7 Rab8 29. f4 Rec8 30. Rec1 Bd7 31. Kf2 Bc6 32. Rxc8+ Rxc8 33. b4 a6 34. a4 Ra8 35. b5 axb5 36. axb5 Be8 37. Ke3 b6 38. Rc7 Ra2 39. g4 Rg2 40. g5 Rg3+ 41. Kd4 Kf8 42. Rb7 Rg4 43. Kxd5 Rxf4 44. Rxb6 Rf2 45. Kc5 Rd2 46. Bc4 Rd8 47. Rb7 1-0

[Event "GER-chT LF-1 B4 email"]
[Site "GER email"]
[Date "2007.??.??"]
[Round "?"]
[White "Schulz, Volker1 101010"]
[Black "Del Rio, Roland"]
[Result "1-0"]
[WhiteElo "2325"]
[BlackElo "2266"]
[PlyCount "115"]
[EventDate "2007.??.??"]
[EventType "team (corr)"]
[EventRounds "9"]
[EventCountry "GER"]
[SourceTitle "Corr 2008"]
[Source "ChessBase"]
[SourceDate "2008.06.24"]
[SourceVersion "1"]
[SourceVersionDate "2008.06.24"]
[SourceQuality "1"]

1. e4 c5 2. Nf3 Nc6 3. d4 cxd4 4. Nxd4 Nf6 5. Nc3 e5 6. Ndb5 d6 7. Bg5 a6 8. Na3 b5 9. Bxf6 gxf6 10. Nd5 f5 11. Bd3 Be6 12. 0-0 Bxd5 13. exd5 Ne7 14. Nxb5 Bg7 15. Nc3 e4 16. Be2 Qa5 17. Rb1 Bxc3 18. bxc3 Qxc3 19. Rb3 Qe5 20. Qa1 Nxd5 21. Bxa6 Qxa1 22. Rxa1 Ke7 23. Bc4 Nc7 24. Rb7 Rhc8 25. a4 Ra5 26. Bb3 Kd7 27. Bxf7 d5 28. g3 Kd6 29. h4 f4 30. Rb6+ Ke7 31. Bh5 fxg3 32. fxg3 Rg8 33. g4 Rc5 34. Rh6 Rxc2 35. Rb1 Rg7 36. g5 e3 37. a5 d4 38. a6 d3 39. a7 Ra2 40. Rb7 Kd8 41. Rb3 Rxa7 42. Rxd3+ Rd7 43. Rxe3 Ra6 44. Rf6 Ra1+ 45. Kf2 Nd5 46. Rf8+ Kc7 47. Rd3 Nb6 48. Rxd7+ Nxd7 49. Rf7 Ra2+ 50. Be2 Kd6 51. Rxh7 Ke6 52. h5 Ne5 53. Rg7 Ng4+ 54. Ke1 Ra1+ 55. Bd1 Ne5 56. h6 Nf3+ 57. Ke2 Nxg5 58. Rxg5 1-0

[Event "GER-chT LF-1 B4 email"]
[Site "GER email"]
[Date "2007.??.??"]
[Round "?"]
[White "Schwetlick, Thomas"]
[Black "Del Rio, Roland"]
[Result "1/2-1/2"]
[WhiteElo "2184"]
[BlackElo "2266"]
[PlyCount "65"]
[EventDate "2007.??.??"]
[EventType "team (corr)"]
[EventRounds "9"]
[EventCountry "GER"]
[SourceTitle "Corr 2008"]
[Source "ChessBase"]
[SourceDate "2008.06.24"]
[SourceVersion "1"]
[SourceVersionDate "2008.06.24"]
[SourceQuality "1"]

1. e4 c5 2. Nf3 Nc6 3. d4 cxd4 4. Nxd4 Nf6 5. Nc3 e5 6. Ndb5 d6 7. Bg5 a6 8. Na3 b5 9. Nd5 Be7 10. Bxf6 Bxf6 11. c3 0-0 12. Nc2 Bg5 13. a4 bxa4 14. Rxa4 a5 15. Bc4 Rb8 16. Ra2 Kh8 17. Nce3 Bxe3 18. Nxe3 Ne7 19. 0-0 f5 20. exf5 Nxf5 21. Nxf5 Bxf5 22. b3 Be4 23. Bd5 Bxd5 24. Qxd5 Qc7 25. c4 Rxb3 26. c5 Rb5 27. cxd6 Rxd5 28. dxc7 Rc5 29. Rfa1 Rxc7 30. Rxa5 Rc2 31. f3 e4 32. fxe4 Re2 33. Ra8 1/2-1/2

[Event "BL2-Ost 9798"]
[Site "Germany"]
[Date "1997.??.??"]
[Round "3.7"]
[White "Del Rio, Roland"]
[Black "Seuffert, Gabriel"]
[Result "1/2-1/2"]
[WhiteElo "2245"]
[BlackElo "2230"]
[PlyCount "62"]
[EventDate "1997.10.??"]
[EventType "team-tourn"]
[EventRounds "9"]
[EventCountry "GER"]
[SourceTitle "EXT 1999"]
[Source "ChessBase"]
[SourceDate "1998.11.16"]
[SourceVersion "1"]
[SourceVersionDate "1998.11.16"]
[SourceQuality "1"]
[WhiteTeam "Schoeneck"]
[BlackTeam "Wuerzburg"]
[WhiteTeamCountry "GER"]
[BlackTeamCountry "GER"]

1. e4 c5 2. Nf3 e6 3. b3 d6 4. Bb5+ Nd7 5. 0-0 Ngf6 6. Re1 Be7 7. c3 a6 8. Bf1 b6 9. d4 Bb7 10. Nbd2 e5 11. d5 Nf8 12. Bd3 Bc8 13. Qe2 Ng6 14. g3 h6 15. Nc4 Nh7 16. a4 Ngf8 17. Nfd2 g6 18. f4 f6 19. Nf3 h5 20. f5 Ng5 21. Nh4 gxf5 22. exf5 Kf7 23. Ng6 Nxg6 24. fxg6+ Kg7 25. Bxg5 fxg5 26. Ne3 Bf6 27. Rf1 e4 28. Bxe4 Qe7 29. Qd3 Re8 30. Nf5+ Bxf5 31. Bxf5 Qe3+ 1/2-1/2

[Event "BL2-Ost 9495"]
[Site "Germany"]
[Date "1995.??.??"]
[Round "4.6"]
[White "Del Rio, Roland"]
[Black "Weichert, Helmut"]
[Result "1/2-1/2"]
[WhiteElo "2230"]
[BlackElo "2235"]
[PlyCount "20"]
[EventDate "1994.10.??"]
[EventType "team-tourn"]
[EventRounds "9"]
[EventCountry "GER"]
[SourceTitle "GER-chT2"]
[Source "ChessBase"]
[SourceDate "1999.07.01"]
[SourceVersion "1"]
[SourceVersionDate "1999.07.01"]
[SourceQuality "1"]
[WhiteTeam "Schoeneck"]
[BlackTeam "Frankfurt FTG"]
[WhiteTeamCountry "GER"]
[BlackTeamCountry "GER"]

1. e4 c5 2. Nf3 Nc6 3. b3 Nf6 4. e5 Nd5 5. Bb5 g6 6. 0-0 Bg7 7. Re1 0-0 8. Bb2 Nc7 9. Bxc6 dxc6 10. d4 cxd4 1/2-1/2

[Event "BL2-Ost 9495"]
[Site "Germany"]
[Date "1995.??.??"]
[Round "8.6"]
[White "Neidhardt, Claus Ulrich"]
[Black "Del Rio, Roland"]
[Result "1-0"]
[WhiteElo "2370"]
[BlackElo "2230"]
[PlyCount "65"]
[EventDate "1994.10.??"]
[EventType "team-tourn"]
[EventRounds "9"]
[EventCountry "GER"]
[SourceTitle "GER-chT2"]
[Source "ChessBase"]
[SourceDate "1999.07.01"]
[SourceVersion "1"]
[SourceVersionDate "1999.07.01"]
[SourceQuality "1"]
[WhiteTeam "Schott Mainz"]
[BlackTeam "Schoeneck"]
[WhiteTeamCountry "GER"]
[BlackTeamCountry "GER"]

1. d4 Nf6 2. Bg5 d5 3. Nd2 Bf5 4. Bxf6 exf6 5. g3 c6 6. e3 Na6 7. a3 Nc7 8. Bg2 Nb5 9. Ne2 Qd7 10. 0-0 h5 11. c4 dxc4 12. Nxc4 h4 13. d5 c5 14. e4 Bh3 15. Bxh3 Qxh3 16. Nf4 Qd7 17. g4 Nd4 18. a4 g6 19. f3 Bd6 20. Ne2 Be5 21. Kh1 Qc7 22. f4 Nxe2 23. fxe5 Ng3+ 24. hxg3 hxg3+ 25. Kg2 fxe5 26. d6 Qc6 27. Qd5 Qxd5 28. exd5 0-0 29. Nxe5 Rad8 30. Nc4 a6 31. a5 Rfe8 32. Rae1 Kf8 33. Kxg3 1-0